Business planning and market strategy
Gardado en:
| Autor Principal: | |
|---|---|
| Formato: | Libro |
| Idioma: | inglés |
| Publicado: |
Sage
2015
|
| Tags: |
Engadir etiqueta
Sen Etiquetas, Sexa o primeiro en etiquetar este rexistro!
|
MARC
| LEADER | 00000nam a22000007a 4500 | ||
|---|---|---|---|
| 008 | 211123b ||||| |||| 00| 0 eng d | ||
| 020 | |a 9781452282152 | ||
| 100 | |a VALENTINE, E. K. | ||
| 245 | |a Business planning and market strategy |c E. K.Valentine |g xiv,254p.:ill. | ||
| 260 | |b Sage |c 2015 |h Los Angeles |i 693212 |l HD30.28.V23 |m Business planning |m Strategic planning | ||
| 500 | |a It includes index and references | ||
| 942 | |a lcc |c BK |e Kuteyi, M. A. |f 23/11/2021 | ||
| 952 | |0 0 |1 0 |2 lcc |4 0 |6 HD003028 V23 |7 0 |9 3908 |a HOL |b HOL |c GJ |d 2021-11-23 |l 0 |o HD30.28.V23 |p 2021-67633 |r 2021-11-23 00:00:00 |w 2021-11-23 |y BK | ||
| 999 | |c 1951 |d 1951 | ||